| 000 | 02368nam a2200313 i 4500 | ||
|---|---|---|---|
| 003 | EG-GICUC | ||
| 005 | 20260429124850.0 | ||
| 008 | 260429s1831 fr |||fr|||| 00| 0 fre d | ||
| 040 |
_aEG-GiCUC _bfre _cEG-GiCUC _dEG-GiCUC _eRda |
||
| 041 | _afre | ||
| 082 | 0 | 4 |
_221 _a343.044 _bLO . L |
| 092 | 0 | 4 | _221 |
| 099 | _aLaw1 10 343.044 LO . L 1831 | ||
| 100 | 1 |
_aLocré, M. Le Baron _eAuteur |
|
| 245 | 1 | 3 |
_aLa Législation Civile, Commerciale Et Criminelle De La France, Ou Commentaire Et Complément Des Codes Francais. _nTome Vingt-Sixieme / _cPar M. Le Baron Locré. |
| 264 | 1 |
_aParis : _bTreuttel Et Würtz, Libraires, _c1831. |
|
| 300 |
_a460 page ; _c 24 cm. _billustration ; |
||
| 336 |
_2rda contenu _a texte |
||
| 337 |
_2rda medias _aOrdinateur |
||
| 338 |
_2 transporteur rda _a Ressource en ligne |
||
| 500 | _aLe COMMENTAIRE, de la conférence avec le texte des Codes, et, entre eux, des Procès-verbaux, en partie inedits, du Conseil d'Etat qui coptiennent la discussion du Cops CIVIL: des Procès-verbaux, entièrement inédits, de la discussion du CODE DE COMMERCE, JU CODE DE PROCÉDURE, Ju CODE D'INSTRUCTION CRIMI BELLE et du CODE PÉRAL; des Observations, également inedives, de la section de législation du Tribunat sur les projets des trois premiers Codes, et de celles des commissions du Corps Législatif sur les deux derniers; enfin, des Exposés de motifs, Rapports et Discours faits ou prononcés, tant dans l'Assembléc générale du Tribunat, que devant le Corps Législatif; Le COMPLÉMENT, des Lois antérieures auxquelles les Codes se référent; des Lois postérieures qui les étendent, les modifient; des Discussions dont ces lois sont le résultat; des Ordonnances, Décrets, Avis du Conseil, et autres Actes du pouvoir exécutif et réglémentaire destinés à en procurer l'exécution. Le tout précédé de PROLÉCOMÈNES, où l'on expose, dans une première partie, le mode de porter la loi qui était en usage lors de la confection des Codes, et quels travaux préparatoires il a I a produits; où, dans une seconde, On Trace Histoire Générale De Chaque Code, | ||
| 504 | _aBibliography: pages 200-250. 240-220 | ||
| 546 | _aTexte en français | ||
| 650 | 1 | 4 |
_aDroit Pénal _2qrmak |
| 651 | 1 | _2qrmak | |
| 856 | 4 | 0 | _uhttps://fll.law.cu.edu.eg/fulltext/bks/B10-11621.pdf |
| 905 | _a161 | ||
| 942 |
_2ddc _cBK _e21 _n0 |
||
| 999 |
_c74187 _d74187 |
||